Normale Ansicht MARC-Ansicht ISBD

Brandenburg Labor - Jugend macht Geschichte (Titelsatznr. 373678)

[ MARC ]
MARC-Details
000 -Satzkennung
Kontrollfeld mit fester Länge 01503nam a2200205 4500
008 - Feld mit fester Länge zur physischen Beschreibung - Allgemeine Angaben
Kontrollfeld mit fester Länge 201207b ||||| |||| 00| 0 eng d
040 ## - Katalogisierungsquelle
Katalogisierungssprache ger
Übertragungsstelle DE-2950
Beschreibungsfestlegungen rda
Original-Katalogisierungsstelle DE-2950
041 ## - Sprachcode
Sprachcode des Textes/der Tonspur oder des separaten Titels ger
245 ## - Titel
Haupttitel Brandenburg Labor - Jugend macht Geschichte
264 ## - Veröffentlichungsangabe, Vertriebsangabe, Herstellungsangabe
Erscheinungs-, Vertriebs-, Herstellungsdatum 2024
490 ## - Gesamttitelangabe
Haupttitel der Reihe/Unterreihe Die Mark Brandenburg
Zählung Sonderheft 2024: Jugend macht Geschichte
500 ## - Anmerkung
Allgemeine Anmerkung Darin: "... zehn Treppen hinunter zum Planschen." Verschwundene Orte des Spielens in Eisenhüttenstadt. / A. F. Klugmann; S. Mohammadi; Z. Schulze; P. Stänke; S. Jordan, S. 2; Vater der Lieder - Martin Luther ... am Beispiel von Finsterwalde / Annalena Strenger, S. 10; Germanus Theiss - ein Mann, der die Gemeinde in Bewegung versetzte / Loreen Gogolin, S. 16; Das Stalag III B - Leben und Sterben in Kriegsgefangenenschaft in Fürstenberg (Oder) / Lukas Heilemann; Erik Janke; Susanne Jordan, S. 22; Die Prenzlauer Zeugen Jehovas im Visier des Ministeriums für Staatssicherheit der DDR / Angelia Pouillon, S. 28; Geschichte wird lebendig: Ein Wohnquartier und seine Bewohner in vergangenen Zeiten / Luca Schrot; Luca Meier, S. 34; Jugend macht Geschichte. Das Potential der Geschichtswettbewerbe in der Bildungsarbeit der Schulen / Jürgen Thiel, S. 42
653 ## - Lokales Schlagwort
Nicht-normierter Term Brandenburg <Land>
653 ## - Lokales Schlagwort
Nicht-normierter Term Geschichtsforschung
773 ## - Übergeordnete Einheit
Ort, Verlag und Erscheinungsjahr Berlin: Die Mark Brandenburg - Verlag für Regional- und Zeitgeschichte
Verknüpfungsangaben (2024) Sonderheft
Titel Die Mark Brandenburg
942 ## - Zusätzliche Felder (Koha)
Koha-Medientyp Aufsätze
Exemplare
Ausgeschieden Verloren Beschädigt Nicht entleihbar Permanenter Standort Aktueller Standort Aufstellungsort Eingabedatum Anzahl Ausleihen Signatur Letzte Aktivität Preis gültig von Medientyp
        Stadtarchiv Frankfurt (Oder) | Archivbibliothek Stadtarchiv Frankfurt (Oder) | Archivbibliothek Lesesaal 03/04/2025   BbRII 136 03/04/2025 03/04/2025 Aufsätze